Online
Catalog

Guía para la formulación de los planes municipales de gestión integral de residuos sólidos (PMGIRS) en República Dominicana / (Record no. 59114)

MARC details
000 -CABECERA
campo de control de longitud fija 02401nam a2200373 i 4500
003 - IDENTIFICADOR DEL NÚMERO DE CONTROL
campo de control DO-SdBNP
005 - FECHA Y HORA DE LA ÚLTIMA TRANSACCIÓN
campo de control 20250602111506.0
007 - CAMPO FIJO DE DESCRIPCIÓN FÍSICA--INFORMACIÓN GENERAL
campo de control de longitud fija ta
008 - DATOS DE LONGITUD FIJA--INFORMACIÓN GENERAL
campo de control de longitud fija 250602b2023 dr a|||| |||| 00| 0 spa d
040 ## - FUENTE DE LA CATALOGACIÓN
Centro catalogador/agencia de origen DO-SdBNP
Lengua de catalogación spa
Centro/agencia transcriptor BNPHU
Normas de descripción rda
041 ## - CÓDIGO DE LENGUA
Código de lengua del texto/banda sonora o título independiente spa
082 #4 - NÚMERO DE LA CLASIFICACIÓN DECIMAL DEWEY
Número de clasificación xxx
Número de documento/Ítem F293g
Número de edición 22
110 1# - ENTRADA PRINCIPAL--NOMBRE DE ENTIDAD CORPORATIVA
Nombre de entidad corporativa o nombre de jurisdicción como elemento de entrada Federación Dominicana de Municipios (FEDOMU)
9 (RLIN) 84131
245 10 - MENCIÓN DE TÍTULO
Título Guía para la formulación de los planes municipales de gestión integral de residuos sólidos (PMGIRS) en República Dominicana /
Mención de responsabilidad, etc. Federación Dominicana de Municipios ; elaboración, Rafael Lorenzo, Leivan Díaz, Russi Vanessa Reyes, Mario Ángel Rodríguez, Beatriz Alcántara, Elvin López, Camilo Tapia, Manuel Marte ; diagramación, Breanna Rodríguez.
264 ## - PRODUCCIÓN, PUBLICACIÓN, DISTRIBUCIÓN, FABRICACIÓN Y COPYRIGHT
Producción, publicación, distribución, fabricación y copyright Santo Domingo :
Nombre del de productor, editor, distribuidor, fabricante Federación Dominicana de Municipios (FEDOMU) ; Fondo Andaluz de Municipios para la Solidaridad Internacional (FAMSI), 202
Fecha de producción, publicación, distribución, fabricación o copyright 2023.
300 ## - DESCRIPCIÓN FÍSICA
Extensión 61 páginas :
Otras características físicas ilustraciones ;
Dimensiones 28 cm.
336 ## - TIPO DE CONTENIDO
Término de tipo de contenido texto
Código de tipo de contenido txt
Fuente rdacontent
337 ## - TIPO DE MEDIO
Nombre/término del tipo de medio sin mediación
Código del tipo de medio n
Fuente rdamedia
338 ## - TIPO DE SOPORTE
Nombre/término del tipo de soporte volumen
Código del tipo de soporte nc
Fuente rdacarrier
505 ## - NOTA DE CONTENIDO CON FORMATO
Nota de contenido con formato Presentación, 6.-- Glosario de términos, 8.-- Fases del ciclo de la gestión de residuos sólidos urbanos, 10.-- Condiciones previas, 12.-- Guía para la elaboración de los planes municipales de gestión integral de residuos sólidos (PMGIRS) : un paso a paso, 14.-- Diagnóstico de la situación actual de la gestión de los residuos en el municipio, 16.-- Lineamientos estratégicos, 46.-- Plan de monitoreo, control y evaluación, 58.-- Socialización, revisión y aprobación de las matrices que conforman los lineamientos del PMGIRS y el plan e monitoreo, control y evaluación. --61
590 ## - NOTA LOCAL (RLIN)
Nota local Inventariado, 2025 /LP
700 1# - PUNTO DE ACCESO ADICIONAL--NOMBRE DE PERSONA
Nombre de persona Lorenzo, Rafael
Término indicativo de función/relación elaboración
Código de función/relación elab.
9 (RLIN) 86517
700 1# - PUNTO DE ACCESO ADICIONAL--NOMBRE DE PERSONA
Nombre de persona Díaz, Leivan
Término indicativo de función/relación elaboración
Código de función/relación elab.
9 (RLIN) 87934
700 1# - PUNTO DE ACCESO ADICIONAL--NOMBRE DE PERSONA
Nombre de persona Reyes, Russi Vanessa
Término indicativo de función/relación elaboración
Código de función/relación elab.
9 (RLIN) 87935
700 1# - PUNTO DE ACCESO ADICIONAL--NOMBRE DE PERSONA
Nombre de persona Rodríguez, Mario Ángel
Término indicativo de función/relación elaboración
Código de función/relación elab.
9 (RLIN) 87936
700 1# - PUNTO DE ACCESO ADICIONAL--NOMBRE DE PERSONA
Nombre de persona Alcántara, Beatriz
Término indicativo de función/relación elaboración
Código de función/relación elab.
9 (RLIN) 84134
700 1# - PUNTO DE ACCESO ADICIONAL--NOMBRE DE PERSONA
Nombre de persona López, Elvin
Término indicativo de función/relación elaboración
Código de función/relación elab.
9 (RLIN) 87937
700 1# - PUNTO DE ACCESO ADICIONAL--NOMBRE DE PERSONA
Nombre de persona Tapia, Camilo
Término indicativo de función/relación elaboración
Código de función/relación elab.
9 (RLIN) 87938
700 1# - PUNTO DE ACCESO ADICIONAL--NOMBRE DE PERSONA
Nombre de persona Marte, Manuel
Término indicativo de función/relación elaboración
Código de función/relación elab.
9 (RLIN) 87939
700 1# - PUNTO DE ACCESO ADICIONAL--NOMBRE DE PERSONA
Nombre de persona Rodríguez, Breanna
Término indicativo de función/relación diagramadordi
Código de función/relación di.
9 (RLIN) 87940
710 1# - PUNTO DE ACCESO ADICIONAL--NOMBRE DE ENTIDAD CORPORATIVA
Nombre de entidad corporativa o nombre de jurisdicción como elemento de entrada Fondo Andaluz de Municipios para la Solidaridad Internacional (FAMSI), 202 2023
9 (RLIN) 87941
910 ## - DATOS DE OPCIÓN DEL USUARIO (OCLC)
Datos de opción del usuario LP
942 ## - ELEMENTOS DE PUNTO DE ACCESO ADICIONAL (KOHA)
Fuente del sistema de clasificación o colocación Dewey Decimal Classification
Tipo de ítem Koha Libro
Holdings
Estado de retiro Estado de pérdida Fuente del sistema de clasificación o colocación Restricciones de uso No para préstamo Código de colección Localización permanente Ubicación/localización actual Ubicación en estantería Fecha de adquisición Fuente de adquisición Total de préstamos Signatura topográfica completa Código de barras Fecha visto por última vez Precio válido a partir de Tipo de ítem Koha Número de copia
    Dewey Decimal Classification Excluido de préstamo   Patrimonio Dominicano Biblioteca Nacional Pedro Henríquez Ureña Biblioteca Nacional Pedro Henríquez Ureña En catalogación 02.06.2025 Depósito Legal   xxx F293g 2025-4726 02.06.2025 02.06.2025 Libro  
    Dewey Decimal Classification Excluido de préstamo   Patrimonio Dominicano Biblioteca Nacional Pedro Henríquez Ureña Biblioteca Nacional Pedro Henríquez Ureña En catalogación 02.06.2025 Depósito Legal   xxx F293g 2025-4727 02.06.2025 02.06.2025 Libro e.2
    Dewey Decimal Classification Préstamo en sala   Dominicana de Servicio Biblioteca Nacional Pedro Henríquez Ureña Biblioteca Nacional Pedro Henríquez Ureña En catalogación 02.06.2025 Depósito Legal   xxx F293g 2025-4728 02.06.2025 02.06.2025 Libro e.3

Powered by Koha